| 000 | 01780cam a22004814i 4500 | ||
|---|---|---|---|
| 003 | PE-LiUPU | ||
| 005 | 20250731184528.0 | ||
| 008 | 150623s1995 nyua rb 000 0 eng d | ||
| 020 | _a0415167639 | ||
| 035 | _a(Sirsi) i9780415167635 | ||
| 040 |
_aPE-LiUPU _bspa _cPE-LiUPU _erda |
||
| 049 | _aPRUA | ||
| 082 | 0 | 4 |
_a939.4 _bK92 _221 |
| 100 | 1 |
_aKuhrt, Amélie, _d1944-, _eautor. |
|
| 245 | 1 | 4 |
_aThe ancient Near East, c. 3000-330 BC / _cAmélie Kurht. |
| 264 | 1 |
_aNew York : _bRoutledge, _c1995. |
|
| 300 |
_a381 páginas : _bilustraciones mapas, gráficos ; _c24 centímetros. |
||
| 336 |
_atext _2rdacontent |
||
| 337 |
_aunmediated _2rdamedia |
||
| 338 |
_avolume _2rdacarrier |
||
| 490 | 1 | _aRoutledge history of the ancient world | |
| 504 | _aIncluye bibliografía. | ||
| 505 | 0 | _aMesopotamia in the third millennium -- Mesopotamia c. 2000-c. 1600: The old Babylonian and old Assyrian periods -- Egypt dynasty I to dynasty XVII -- Imperial Egypt: The new kingdom -- The hittites -- Syria and the levant -- Mesopotamia. | |
| 526 | _aP136 | ||
| 526 | _aP135 | ||
| 526 | _aP134 | ||
| 526 | _aP133 | ||
| 526 | _aP144 | ||
| 526 | _aP143 | ||
| 526 | _aP87 | ||
| 526 | _aP35 | ||
| 526 | _aP20 | ||
| 526 | _aP14 | ||
| 526 | _aP10 | ||
| 526 | _aP06 | ||
| 651 | 4 |
_aMedio Oriente _xHistoria _yHasta 622. |
|
| 942 |
_2ddc _cBOOK |
||
| 949 |
_a939.4 K92 _wDEWEY _c1 _i44476 _lCCODEBUL1 _mBUL _r0 _sY _tBOOK _u2015-6-24 _xTEOLOGIA _PP35 _0COMPRA _o.STAFF. Colección Teología |
||
| 994 |
_aC0 _bPEPRU |
||
| 596 | _a1 | ||
| 999 |
_a939.4 K92 _wDEWEY _c21354 _i44476 _d21354 _f2021-11-11 _g5 _lCCODEBUL1 _mBUL _p15.00 _q2 _r0 _sY _tBOOK _u2015-6-24 _xTEOLOGIA _PP35 _0COMPRA _o.STAFF. Colección Teología |
||
| 980 |
_81 _gALBERTO SANCHEZ Responsable de Automatización |
||